Communications: sceince and technology, and development : United Nations conference on the application of science and tecnology for the benefit of less developed areas
محفوظ في:
| مؤلف مشترك: | |
|---|---|
| التنسيق: | كتاب |
| منشور في: |
New Jessey :
United Nations;
n.d.
|
| الموضوعات: | |
| الوسوم: |
إضافة وسم
لا توجد وسوم, كن أول من يضع وسما على هذه التسجيلة!
|
MARC
| LEADER | 00000nam a2200000 4500 | ||
|---|---|---|---|
| 020 | |a NA |c TZS 150/= | ||
| 022 | |a NA | ||
| 040 | |a MUL |c MUL |e AACR | ||
| 082 | |a 384 UNI | ||
| 110 | |a United Nation Coference on Application of Science & Technology | ||
| 245 | |a Communications: sceince and technology, and development : |b United Nations conference on the application of science and tecnology for the benefit of less developed areas |c / United Nations | ||
| 260 | |a New Jessey : |b United Nations; |c n.d. | ||
| 300 | |a ix, 162 p. : |b ill. ; |c 24cm. | ||
| 650 | |a Application of science and technology |z Developing countries | ||
| 650 | |a Tellecommunications |z Less developed areas | ||
| 650 | |a Tevevision |v less developed areas | ||
| 650 | |a Internationa communication networks | ||
| 650 | |a Communication satelites |v less dveloped areas | ||
| 942 | |c CC | ||
| 999 | |c 7507 |d 7507 | ||